افکار غزالی علم و عقائد Afkār-i Chazālī (ʻilm o ʻaqāʾid) [taṣnīf-i (Maulānā) (Record no. 542372)
[ view plain ]
| 000 -LEADER | |
|---|---|
| fixed length control field | 00399nam a22001091 4500 |
| 100 1# - MAIN ENTRY--PERSONAL NAME | |
| Personal name | Nadvī, Muḥammad Ḥanīf. |
| 9 (RLIN) | 37505 |
| 245 10 - TITLE STATEMENT | |
| Title | افکار غزالی علم و عقائد Afkār-i Chazālī (ʻilm o ʻaqāʾid) [taṣnīf-i (Maulānā) |
| Statement of responsibility, etc. | Muḥammad-Ḥanīf Nadvī. |
| 260 ## - PUBLICATION, DISTRIBUTION, ETC. | |
| Place of publication, distribution, etc. | Lāhor, |
| Name of publisher, distributor, etc. | Idāra-e S̲aqāfat-i Islāmīya |
| Date of publication, distribution, etc. | [1966] |
| 300 ## - PHYSICAL DESCRIPTION | |
| Extent | 526 p. |
| 526 ## - STUDY PROGRAM INFORMATION NOTE | |
| Program name | 0 |
| Interest level | 0 |
| Reading level | 0 |
| 942 ## - ADDED ENTRY ELEMENTS (KOHA) | |
| Source of classification or shelving scheme | |
| Koha item type | Book |
| Withdrawn status | Lost status | Source of classification or shelving scheme | Damaged status | Not for loan | Permanent Location | Current Location | Date acquired | Total Checkouts | Barcode | Date last seen | Price effective from | Koha item type |
|---|---|---|---|---|---|---|---|---|---|---|---|---|
| Military College of Engineering (MCE) | Military College of Engineering (MCE) | 11/18/2013 | MCE-3350 | 11/18/2013 | 11/18/2013 | Book |
